Nanotechnology (Record no. 616553)
[ view plain ]
| 000 -LEADER | |
|---|---|
| fixed length control field | 00302nam a22001217a 4500 |
| 040 ## - CATALOGING SOURCE | |
| Transcribing agency | Pearson |
| 082 ## - DEWEY DECIMAL CLASSIFICATION NUMBER | |
| Classification number | 620.5 |
| Author Mark | F746 N |
| 100 ## - MAIN ENTRY--PERSONAL NAME | |
| Personal name | Foster, Lynn E. |
| 9 (RLIN) | 54443 |
| 245 ## - TITLE STATEMENT | |
| Title | Nanotechnology |
| Remainder of title | Science, Innovation, and Opportunity |
| 260 ## - PUBLICATION, DISTRIBUTION, ETC. | |
| Name of publisher, distributor, etc. | Pearson |
| Date of publication, distribution, etc. | 2007 |
| 300 ## - PHYSICAL DESCRIPTION | |
| Extent | 283p. |
| Dimensions | 25cm. |
| 942 ## - ADDED ENTRY ELEMENTS (KOHA) | |
| Source of classification or shelving scheme | |
| Koha item type | Book |
| Withdrawn status | Lost status | Source of classification or shelving scheme | Damaged status | Not for loan | Permanent Location | Current Location | Date acquired | Total Checkouts | Full call number | Barcode | Date last seen | Price effective from | Koha item type |
|---|---|---|---|---|---|---|---|---|---|---|---|---|---|
| School of Chemical & Materials Engineering (SCME) | School of Chemical & Materials Engineering (SCME) | 03/09/2026 | 620.5 F746 N | SCME-E6 | 03/09/2026 | 03/09/2026 | Book |
